000 01059cam a22003255a 4500
001 2105950
003 EG-ScBUE
005 20220428094601.0
008 960322s2005 enka f bd 001 0 eng d
020 _a0415117372 (pbk.)
020 _a9780415117371
040 _aDLC
_beng
_erda
_cDLC
_dDLC
_dEG-ScBUE
082 0 4 _a418.02
_222
_bHAT
100 1 _aHatim, B.
_q(Basil),
_d1947-
_eauthor.
_940327
245 1 4 _aThe translator as communicator /
_cBasil Hatim and Ian Mason.
264 1 _aLondon ;
_aNew York :
_bRoutledge,
_c2005.
300 _axii, 244 pages :
_billustrations ;
_c23 cm
336 _2rdacontent
_atext
_btxt
337 _2rdamedia
_aunmediated
_bn
338 _2rdacarrier
_avolume
_bnc
500 _aIncludes glossary.
504 _aIncludes bibliographical references and index.
650 7 _aTranslating and interpreting.
_2BUEsh
_939247
651 _2BUEsh
653 _cJune2016
_bHHUUEENN
653 _bHHUUEENN
_cSeptember2016
655 _vReading book
_934232
700 1 _aMason, I.
_q(Ian),
_d1944-
_eauthor.
942 _2ddc
_cBB
999 _c21959
_d21931